Music Quiz

Random Music or Kpop Quiz

Top 5 most viewed m/v (female kpop) Quiz Stats

 Plays Quiz not verified by Sporcle

Score 0/150 Timer 15:00
0 Plays Today
group song % Correct
BLACKPINKkill this love
96.7%
BLACKPINKboombayah
96.2%
BLACKPINKddu-du ddu-du
95.7%
CLCno
95.7%
2NE1i am the best
94.3%
4MINUTEcrazy
94.3%
BLACKPINKas if its your last
93.8%
BLACKPINKplaying with fire
93.8%
CLCme
92.4%
EXIDup & down
90.5%
4MINUTEhate
88.6%
GIRLS' GENERATIONgee
87.6%
F(X)electric shock
86.7%
MOMOLANDbboom bboom
85.7%
MOMOLANDbaam!
85.2%
APINKi'm so sick
84.8%
I.O.Ivery very very
84.8%
RED VELVETbad boy
83.8%
LOONAbutterfly
82.9%
CLCblack dress
82.4%
I.O.Iwhatta man (good man)
82.4%
CLChobgoblin
81.9%
GIRLS' GENERATIONi got a boy
81.9%
2NE1come back home
81.4%
APINK%% (eung eung)
81.4%
2NE1i love you
81%
EXIDi love you
81%
AOAminiskirt
80.5%
MAMAMOOstarry night
80.5%
GFRIENDrough
78.6%
LOVELYZhi~
78.6%
TWICEtt
78.6%
AOAlike a cat
77.6%
DREAMCATCHERpiri
77.6%
LOONAhi high
77.1%
GIRLS' GENERATIONthe boys
76.7%
FROMIS_9love bomb
76.2%
AOAheart attack
75.7%
LOONAheart attack
75.7%
MISS Abad girl good girl
75.2%
MAMAMOOegotistic
74.8%
RED VELVETred flavour
74.8%
MAMAMOOgogobebe
74.3%
MOMOLANDi'm so hot
74.3%
I.O.Idream girls
74.3%
APINKmr. chu
73.8%
TWICEcheer up
73.8%
EXIDddd
73.3%
EXIDhot pink
72.4%
RED VELVETrussian roulette
72.4%
group song % Correct
RED VELVETdumb dumb
71.9%
GUGUDANnot that type
71.4%
SISTARtouch my body
71.4%
GFRIENDnavillera
71%
GUGUDANthe boots
70.5%
TWICElike ooh-ahh ooh-ahh
70.5%
CLCpepe
70%
TWICEwhat is love?
69%
FROMIS_9fun!
68.6%
MISS Ahush
68.6%
F(X)red light
68.1%
GFRIENDtime for the moon night
68.1%
DREAMCATCHERchase me
67.6%
DREAMCATCHERyou and i
66.7%
EXIDah yeah
66.7%
WEKI MEKIcrush
66.2%
TWICElikey
65.7%
COSMIC GIRLSsecret
65.2%
KARAstep
63.3%
F(X)hot summer
62.9%
SISTARshake it
61.9%
GFRIENDsunrise
61.4%
I.O.Idownpour
60.5%
I.O.Ipick me
60%
2NE1lonely
59.5%
DIAwoowa
59.5%
COSMIC GIRLSsave me, save you
59%
GIRLS' GENERATIONoh!
59%
RED VELVETpeek-a-boo
58.6%
APINKluv
58.1%
F(X)rum pum pum pum
58.1%
WEKI MEKIi don't like your girlfriend
58.1%
WEKI MEKIpicky picky
58.1%
WONDER GIRLSnobody
57.1%
WONDER GIRLSwhy so lonely
57.1%
LOVELYZah-choo
56.2%
APINKremember
55.2%
DIAmr. potter
55.2%
DREAMCATCHERgood night
55.2%
LOONAfavourite
53.8%
2NE1falling in love
52.4%
AOAgood luck
52.4%
KARAmamma mia
52.4%
AOAshort hair
51.4%
COSMIC GIRLShappy
51%
OH MY GIRLsecret garden
51%
SISTARalone
51%
GFRIENDlove whisper
50.5%
COSMIC GIRLSboogie up
50%
AFTER SCHOOLfirst love
50%
group song % Correct
GUGUDANa girl like me
47.6%
T-ARAroly poly
47.6%
OH MY GIRLliar liar
47.1%
4MINUTEvolume up
47.1%
FROMIS_9dkdk
46.7%
GUGUDANwonderland
46.7%
DIAwoowoo
46.2%
COSMIC GIRLSi wish
45.7%
4MINUTEwhat's your name
45.7%
OH MY GIRLthe fifth season
44.3%
MAMAMOOyou're the best
43.8%
WEKI MEKIla la la
43.3%
DREAMCATCHERfly high
42.9%
MISS Aonly you
42.9%
FROMIS_9to heart
41.9%
T-ARAsugar free
41.9%
GUGUDANchococo
41%
FROMIS_9glass shoes
39.5%
MISS Ai don't need a man
38.6%
AFTER SCHOOLflashback
38.6%
F(X)danger
35.2%
MOMOLANDfreeze
33.8%
WONDER GIRLSi feel you
33.3%
WONDER GIRLSbe my baby
32.4%
OH MY GIRLwindy day
31.9%
GIRLS' GENERATIONlil' touch
30.5%
LOVELYZdestiny
30.5%
MISS Agoodbye baby
29.5%
OH MY GIRLbungee (fall in love)
29%
AFTER SCHOOLshampoo
29%
KARApandora
26.7%
T-ARAnumber 9
26.2%
DIAwill you go out with me?
25.7%
LOONAlove4eva
24.8%
WEKI MEKItiki-taka (99%)
24.8%
WONDER GIRLSlike this
24.3%
KARAlupin
21.9%
SISTARma boy
21.4%
DIAon the road
19.5%
LOVELYZ지금, 우리
18.6%
KARAdamaged lady
18.6%
MAMAMOOum oh ah yeah
18.1%
T-ARAsexy love
18.1%
4MINUTEhuh (hit your heart)
16.7%
LOVELYZthat day
16.2%
SISTARso cool
16.2%
T-ARAcry cry
15.2%
MOMOLANDbanana chacha
7.1%
AFTER SCHOOLlet's step up
4.8%
AFTER SCHOOLlove love love
4.3%

You're not logged in!

Compare scores with friends on all Sporcle quizzes.
OR
Log In

Sporcle TV

Today on Sporcle TV


Watch our educational content, quiz creation guides, and fun videos on Sporcle TV.

Show Comments

Extras

Top Quizzes Today


Score Distribution

Your Account Isn't Verified!

In order to create a playlist on Sporcle, you need to verify the email address you used during registration. Go to your Sporcle Settings to finish the process.

Report this User

Report this user for behavior that violates our Community Guidelines.

Details: